=LDR 00000nam 2200000 4500 =001 INLIS000000000046423 =005 20150316104541.0 =006 =007 =008 =020 ##$$a 978-979-008-695-1 =035 ##$$0010-031500000000195 =040 ##$$a NBPDMAT =082 ##$$a 344.095 =090 ##$$a 344.095 $b Ind p =100 ##$$a Indonesia =245 ##$$a peraturan pemerintahan republik indonesia no 24 tahun 2014 tentang pelaksanaan undang-undang no. 43 tahun 2007 tentang perpustakaan =260 ##$$a jakarta $b perpustakaan nasional RI $c 2014 =300 ##$$a iii, 43 hlm, $c 22 cm. =700 ##$$a indonesia =990 ##$$a 0001/BPAP-NTB/20142015 =990 ##$$a 0001/BPAP-NTB/20142015 =990 ##$$a 0001/BPAP-NTB/20142015